TV Show by Picture (Still) #2 - Statistics

General Stats
  • This quiz has been taken 75 times
  • The average score is 8 of 12
Answer Stats
Picture Answer % Correct
The Simpsons
100%
The Fresh Prince of Bel-Air
97%
Seinfeld
94%
Star Trek: Next Generation
89%
How I Met Your Mother
80%
Scrubs
78%
Game of Thrones
69%
30 Rock
61%
3rd Rock From the Sun
58%
Everybody Hates Chris
50%
CSI: NY
34%
IT Crowd
31%
No matching quizzes found
Score Distribution
Percent of People with Each Score
Percentile by Number Answered
Your Score History
You have not taken this quiz